[Event "MVP-ch Seniors op 19th"]
[Site "Ostseebad Binz"]
[Date "2019.12.03"]
[Round "7"]
[White "Ludwig, Richard"]
[Black "Schreiner, Juergen"]
[Result "1-0"]
[WhiteElo "1575"]
[BlackElo "1546"]
[PlyCount "122"]
[EventDate "2019.11.27"]
[EventType "swiss"]
[EventRounds "9"]
[EventCountry "GER"]
[SourceTitle "EXT 2021"]
[Source "ChessBase"]
[SourceDate "2020.10.23"]
[SourceVersion "1"]
[SourceVersionDate "2020.10.23"]
[SourceQuality "1"]

1. e4 e6 2. d4 d5 3. exd5 exd5 4. Bd3 Bd6 5. Nf3 Nf6 6. 0-0 0-0 7. Re1 h6 8. c3 Bg4 9. Nbd2 Re8 10. Rxe8+ Qxe8 11. h3 Bh5 12. g4 Bg6 13. Bxg6 fxg6 14. Qe1 Qd7 15. Ne5 Qd8 16. Ndf3 Nbd7 17. Bd2 Ne4 18. Nxd7 Qxd7 19. Ne5 Qd8 20. Bf4 g5 21. Bh2 Qf8 22. Qe2 Re8 23. Rf1 Re6 24. Nd3 Qf7 25. Qc2 Qf3 26. Bxd6 Rxd6 27. Kh2 h5 28. Qd1 hxg4 29. Qxf3 gxf3 30. Ne5 Rh6 31. Nxf3 g4 32. Ng1 gxh3 33. f4 g5 34. fxg5 Nxg5 35. Rf5 Ne6 36. Rxd5 Kf7 37. Rf5+ Kg6 38. Rf3 Ng5 39. Rd3 Kf5 40. Rg3 Re6 41. Nxh3 Re2+ 42. Kh1 Nxh3 43. Rxh3 Rxb2 44. Rh7 c6 45. Re7 a5 46. Re5+ Kf6 47. Rxa5 Rb5 48. Ra8 Ke7 49. c4 Rg5 50. Ra7 Kd8 51. Rxb7 Ra5 52. Rb2 Ra4 53. Rc2 Kd7 54. Kg2 Kd6 55. Kf2 c5 56. d5 Ke5 57. Ke2 Kd4 58. Kd1 Ra3 59. Kc1 Ke5 60. Kb2 Ra6 61. Re2+ Kf4 1-0

[Event "MVP-ch Seniors op 18th"]
[Site "Ostseebad Binz"]
[Date "2018.12.05"]
[Round "8"]
[White "Neumann, Horst1111"]
[Black "Schreiner, Juergen"]
[Result "1-0"]
[WhiteElo "1652"]
[BlackElo "1551"]
[PlyCount "85"]
[EventDate "2018.11.28"]
[EventType "swiss"]
[EventRounds "9"]
[EventCountry "GER"]
[SourceTitle "CBM 188 Extra"]
[Source "ChessBase"]
[SourceDate "2019.02.26"]
[SourceVersion "1"]
[SourceVersionDate "2019.02.26"]
[SourceQuality "1"]

1. c4 e5 2. Nc3 Nf6 3. g3 Bb4 4. Bg2 0-0 5. Qb3 Qe7 6. a3 Bxc3 7. bxc3 c6 8. d3 d6 9. Bg5 h6 10. Bxf6 Qxf6 11. e3 Re8 12. Ne2 Nd7 13. 0-0 Nc5 14. Qc2 Be6 15. Rab1 Rab8 16. f4 Bd7 17. e4 exf4 18. Rxf4 Qg6 19. Bf3 Ne6 20. Rh4 Ng5 21. Rf1 Nxf3+ 22. Rxf3 Bg4 23. Rf2 Qe6 24. Nf4 Qd7 25. h3 Be6 26. Nxe6 Qxe6 27. Qe2 g5 28. Rh5 Kh7 29. Qf1 Re7 30. Rf6 Qe5 31. Rfxh6+ Kg7 32. Kg2 Qxc3 33. Rh7+ Kg8 34. Rh8+ Qxh8 35. Rxh8+ Kxh8 36. Qf6+ Kh7 37. Qxe7 Rg8 38. Qxb7 Rg7 39. Qxc6 Rg6 40. Qb7 Kg7 41. Qxa7 g4 42. hxg4 Rxg4 43. Qd4+ 1-0

[Event "MVP-ch Seniors op 18th"]
[Site "Ostseebad Binz"]
[Date "2018.12.04"]
[Round "7"]
[White "Schreiner, Juergen"]
[Black "Scholz, Jutta"]
[Result "0-1"]
[WhiteElo "1551"]
[BlackElo "1636"]
[PlyCount "67"]
[EventDate "2018.11.28"]
[EventType "swiss"]
[EventRounds "9"]
[EventCountry "GER"]
[SourceTitle "CBM 188 Extra"]
[Source "ChessBase"]
[SourceDate "2019.02.26"]
[SourceVersion "1"]
[SourceVersionDate "2019.02.26"]
[SourceQuality "1"]

1. e4 g6 2. d4 Bg7 3. Be3 c6 4. Nc3 d6 5. Qd2 Nd7 6. f4 b5 7. e5 d5 8. Bd3 Nb6 9. b3 e6 10. Nf3 Ne7 11. g4 h5 12. gxh5 Rxh5 13. 0-0-0 a5 14. Ne2 Nf5 15. Bxf5 exf5 16. Ng3 Rh8 17. h4 Qe7 18. Kb1 Bf8 19. Qc3 Bd7 20. Bc1 b4 21. Qb2 a4 22. bxa4 Nxa4 23. Qb3 Nc3+ 24. Kb2 Rxa2+ 25. Qxa2 Nxa2 26. Kxa2 Qd8 27. Kb3 Qb6 28. Bb2 Be7 29. Ra1 Kf8 30. h5 c5 31. c4 bxc3+ 32. Kxc3 Qb4+ 33. Kc2 Ba4+ 34. Kb1 0-1

[Event "MVP-ch Seniors op 18th"]
[Site "Ostseebad Binz"]
[Date "2018.12.03"]
[Round "6"]
[White "Moeller, Peter1111"]
[Black "Schreiner, Juergen"]
[Result "1/2-1/2"]
[WhiteElo "1687"]
[BlackElo "1551"]
[PlyCount "72"]
[EventDate "2018.11.28"]
[EventType "swiss"]
[EventRounds "9"]
[EventCountry "GER"]
[SourceTitle "CBM 188 Extra"]
[Source "ChessBase"]
[SourceDate "2019.02.26"]
[SourceVersion "1"]
[SourceVersionDate "2019.02.26"]
[SourceQuality "1"]

1. Nf3 Nf6 2. d4 g6 3. c3 d6 4. Nbd2 Bg7 5. e4 Bg4 6. Be2 0-0 7. h3 Bxf3 8. Bxf3 e5 9. Nb3 exd4 10. cxd4 c6 11. 0-0 Nbd7 12. Bg5 Qb6 13. Be3 Qd8 14. Qc2 Rc8 15. Rfe1 b6 16. Rad1 d5 17. e5 Ne8 18. Qd2 Nc7 19. Bh6 Ne6 20. Bg4 Qh4 21. Bxg7 Kxg7 22. g3 Qg5 23. f4 Qh6 24. Qe2 Rce8 25. Qa6 f5 26. exf6+ Kxf6 27. Qd3 Rf7 28. f5 gxf5 29. Qxf5+ Kg7 30. Qh5 Rfe7 31. Qxh6+ Kxh6 32. Re2 Nf6 33. Bf3 Ng5 34. Rxe7 Nxf3+ 35. Kg2 Nh4+ 36. gxh4 Rxe7 1/2-1/2

[Event "MVP-ch Seniors op 18th"]
[Site "Ostseebad Binz"]
[Date "2018.11.29"]
[Round "2"]
[White "Mahrla, Hans"]
[Black "Schreiner, Juergen"]
[Result "1-0"]
[WhiteElo "1763"]
[BlackElo "1551"]
[PlyCount "23"]
[EventDate "2018.11.28"]
[EventType "swiss"]
[EventRounds "9"]
[EventCountry "GER"]
[SourceTitle "CBM 188 Extra"]
[Source "ChessBase"]
[SourceDate "2019.02.26"]
[SourceVersion "1"]
[SourceVersionDate "2019.02.26"]
[SourceQuality "1"]

1. e4 e6 2. f4 d5 3. e5 Nd7 4. Nf3 Ne7 5. d4 c5 6. c3 Qb6 7. Bd3 f6 8. 0-0 Nc6 9. Kh1 cxd4 10. cxd4 Nxd4 11. Nxd4 Qxd4 12. Bg6+ 1-0

[Event "Mecklenburg VP LL2 West 1718"]
[Site "Mecklenburg VP"]
[Date "2017.12.10"]
[Round "4.7"]
[White "Schreiner, Juergen"]
[Black "Knoop, Sascha"]
[Result "0-1"]
[WhiteElo "1573"]
[BlackElo "1782"]
[PlyCount "66"]
[EventDate "2017.10.08"]
[EventType "team-tourn"]
[EventRounds "9"]
[EventCountry "GER"]
[SourceTitle "EXT 2022"]
[Source "ChessBase"]
[SourceDate "2021.10.06"]
[SourceVersion "1"]
[SourceVersionDate "2021.10.06"]
[SourceQuality "1"]
[WhiteTeam "Wismar ASV Gruen-Weiss II"]
[BlackTeam "Mecklenburger Springer SC"]
[WhiteTeamCountry "GER"]
[BlackTeamCountry "GER"]

1. e4 e5 2. Nf3 d6 3. d4 exd4 4. Nxd4 Nf6 5. Nc3 Be7 6. Bd3 Nc6 7. Be3 Ng4 8. Bf4 Nxd4 9. f3 Ne5 10. Bb5+ Nxb5 11. Bxe5 dxe5 12. Qxd8+ Bxd8 13. Nxb5 a6 14. Nc3 Be6 15. 0-0-0 Bg5+ 16. Kb1 Rd8 17. Nd5 Bxd5 18. exd5 Be7 19. Rhe1 f6 20. g3 Kf7 21. Re3 c6 22. c4 b5 23. b3 Bc5 24. Red3 bxc4 25. bxc4 cxd5 26. cxd5 Bd4 27. f4 Rb8+ 28. Kc1 Rhc8+ 29. Kd2 Rb2+ 30. Ke1 Rcc2 31. fxe5 Re2+ 32. Kf1 Rf2+ 33. Ke1 Rbe2# 0-1

[Event "MVP-ch Seniors op 17th"]
[Site "Binz"]
[Date "2017.12.06"]
[Round "8.73"]
[White "Schwarzwald, Holger"]
[Black "Schreiner, Juergen"]
[Result "1/2-1/2"]
[WhiteElo "1717"]
[BlackElo "1573"]
[PlyCount "67"]
[EventDate "2017.11.29"]
[EventType "swiss"]
[EventRounds "9"]
[EventCountry "GER"]
[SourceTitle "EXT 2019"]
[Source "ChessBase"]
[SourceDate "2018.10.10"]
[SourceVersion "1"]
[SourceVersionDate "2018.10.10"]
[SourceQuality "1"]

1. f4 d5 2. Nf3 Nc6 3. e3 Bg4 4. b3 e5 5. fxe5 Nxe5 6. Be2 Bxf3 7. Bxf3 Qh4+ 8. g3 Nxf3+ 9. Qxf3 Qe4 10. 0-0 Qxf3 11. Rxf3 Be7 12. Nc3 c6 13. a4 Nf6 14. d3 0-0 15. Bb2 Rfe8 16. Raf1 Rad8 17. Ne2 Rd7 18. Kh1 Bd8 19. Nd4 Ng4 20. Bc1 Ne5 21. R3f2 a6 22. h3 g6 23. Ne2 f5 24. Ng1 c5 25. d4 cxd4 26. exd4 Nc6 27. c3 Rde7 28. Kg2 Re4 29. Nf3 Kg7 30. Nd2 Re2 31. Rxe2 Rxe2+ 32. Kf3 Rh2 33. Rf2 Rxf2+ 34. Kxf2 1/2-1/2

[Event "MVP-ch Seniors op 17th"]
[Site "Binz"]
[Date "2017.12.01"]
[Round "3.81"]
[White "Schreiner, Juergen"]
[Black "Moeller, Peter1111"]
[Result "0-1"]
[WhiteElo "1573"]
[BlackElo "1682"]
[PlyCount "70"]
[EventDate "2017.11.29"]
[EventType "swiss"]
[EventRounds "9"]
[EventCountry "GER"]
[SourceTitle "EXT 2019"]
[Source "ChessBase"]
[SourceDate "2018.10.10"]
[SourceVersion "1"]
[SourceVersionDate "2018.10.10"]
[SourceQuality "1"]

1. e4 c5 2. Nf3 b6 3. Bc4 Bb7 4. Nc3 e6 5. 0-0 Be7 6. d4 d6 7. dxc5 dxc5 8. Bf4 Nc6 9. Nb5 Rc8 10. Qxd8+ Rxd8 11. Nc7+ Kf8 12. Rad1 g6 13. Rxd8+ Nxd8 14. Nd2 Kg7 15. Nb5 a6 16. Nd6 Bxd6 17. Bxd6 Nc6 18. c3 b5 19. Be2 c4 20. e5 Nge7 21. Bf3 Bc8 22. Ne4 Rd8 23. Rd1 Ng8 24. b3 cxb3 25. axb3 Na5 26. Nc5 f6 27. exf6+ Nxf6 28. Be5 Rxd1+ 29. Bxd1 Kf7 30. Bf3 Nd5 31. Ne4 Ke7 32. Nc5 Nc6 33. b4 Nxe5 34. Be2 Nxc3 35. Bf3 Na2 0-1

[Event "MVP-ch Seniors op 15th"]
[Site "Binz"]
[Date "2015.12.01"]
[Round "8.83"]
[White "Schreiner, Juergen"]
[Black "Freerksen, Uwe"]
[Result "1-0"]
[WhiteElo "1330"]
[BlackElo "1209"]
[PlyCount "90"]
[EventDate "2015.11.24"]
[EventType "swiss"]
[EventRounds "9"]
[EventCountry "GER"]
[SourceTitle "EXT 2017"]
[Source "ChessBase"]
[SourceDate "2016.10.25"]
[SourceVersion "1"]
[SourceVersionDate "2016.10.25"]
[SourceQuality "1"]

1. e4 e5 2. Nf3 Nc6 3. d4 exd4 4. Bc4 h6 5. 0-0 d6 6. Nxd4 Nf6 7. Re1 Bd7 8. Bf4 g5 9. e5 Nxe5 10. Bxe5 dxe5 11. Rxe5+ Be7 12. Qf3 Kf8 13. Nc3 Bg4 14. Qd3 Bd6 15. Ree1 Bh5 16. Nce2 Kg7 17. Nf5+ Kf8 18. Rad1 Bg6 19. Qh3 g4 20. Qd3 Bxh2+ 21. Kxh2 Qxd3 22. Bxd3 Bxf5 23. Bxf5 Kg7 24. Ng3 h5 25. Re7 Rad8 26. Rxd8 Rxd8 27. Rxc7 h4 28. Nh1 g3+ 29. fxg3 hxg3+ 30. Kxg3 Rd4 31. Kf3 Nd5 32. Rxb7 Rf4+ 33. Kg3 Rxf5 34. Rxa7 Nb4 35. c3 Nd3 36. b4 Rh5 37. Rd7 Nxb4 38. cxb4 Rxh1 39. b5 Kf6 40. b6 Rb1 41. b7 Ke6 42. Rc7 Kd6 43. Rxf7 Kc6 44. Kg4 Rxb7 45. Rxb7 Kxb7 1-0

[Event "MVP-ch Seniors op 15th"]
[Site "Binz"]
[Date "2015.11.28"]
[Round "5.74"]
[White "Krueger, Bernhard"]
[Black "Schreiner, Juergen"]
[Result "1-0"]
[WhiteElo "1568"]
[BlackElo "1330"]
[PlyCount "55"]
[EventDate "2015.11.24"]
[EventType "swiss"]
[EventRounds "9"]
[EventCountry "GER"]
[SourceTitle "EXT 2017"]
[Source "ChessBase"]
[SourceDate "2016.10.25"]
[SourceVersion "1"]
[SourceVersionDate "2016.10.25"]
[SourceQuality "1"]

1. d4 Nf6 2. Nf3 d6 3. e3 Nbd7 4. Bc4 Nb6 5. Bd3 Bg4 6. h3 Bh5 7. Nbd2 e5 8. 0-0 Qe7 9. Be2 e4 10. Nh2 Bxe2 11. Qxe2 d5 12. a4 a5 13. b3 Qe6 14. c4 c5 15. Bb2 Be7 16. Rfc1 Nbd7 17. Nb1 0-0 18. Na3 dxc4 19. bxc4 cxd4 20. exd4 Bxa3 21. Rxa3 Rfe8 22. Nf1 Nh5 23. Qxh5 Nf6 24. Qe2 g5 25. d5 Qd6 26. Ne3 Qe7 27. Nf5 Qf8 28. Rg3 1-0

[Event "MVP-ch Seniors op 14th"]
[Site "Binz"]
[Date "2014.12.02"]
[Round "8"]
[White "Graffenberger, Marianne"]
[Black "Schreiner, Juergen"]
[Result "1-0"]
[WhiteElo "1246"]
[BlackElo "1381"]
[PlyCount "80"]
[EventDate "2014.11.25"]
[EventType "swiss"]
[EventRounds "9"]
[EventCountry "GER"]
[SourceTitle "EXT 2016"]
[Source "ChessBase"]
[SourceDate "2015.10.08"]
[SourceVersion "1"]
[SourceVersionDate "2015.10.08"]
[SourceQuality "1"]

1. e4 e6 2. Nc3 d5 3. exd5 exd5 4. d4 Nf6 5. Bg5 Be7 6. Nf3 c6 7. Bd3 Bg4 8. h3 Bh5 9. g4 Bg6 10. Bxg6 hxg6 11. Bxf6 gxf6 12. Qe2 Qd6 13. 0-0-0 Kd8 14. Nd2 Nd7 15. Nb3 b6 16. Kb1 Kc7 17. Qf3 b5 18. Rde1 b4 19. Nd1 a5 20. Nc1 a4 21. b3 axb3 22. cxb3 Rhb8 23. h4 c5 24. dxc5 Nxc5 25. Qe2 Kd7 26. h5 g5 27. h6 Rh8 28. Qb5+ Kc7 29. Qxb4 Qa6 30. Rxe7+ Kc6 31. Rxf7 Ne4 32. f3 Rhb8 33. Rxf6+ Nxf6 34. Qc3+ Kd7 35. Qc2 Rc8 36. Qf5+ Ke7 37. Re1+ Kf7 38. Ne3 Rxc1+ 39. Kxc1 Qxa2 40. Nxd5 Rc8+ 1-0

[Event "MVP-ch Seniors op 14th"]
[Site "Binz"]
[Date "2014.11.28"]
[Round "4"]
[White "Schreiner, Juergen"]
[Black "Geibel, Henning"]
[Result "1/2-1/2"]
[WhiteElo "1381"]
[BlackElo "1110"]
[PlyCount "50"]
[EventDate "2014.11.25"]
[EventType "swiss"]
[EventRounds "9"]
[EventCountry "GER"]
[SourceTitle "EXT 2016"]
[Source "ChessBase"]
[SourceDate "2015.10.08"]
[SourceVersion "1"]
[SourceVersionDate "2015.10.08"]
[SourceQuality "1"]

1. e4 e5 2. Nf3 d6 3. d4 exd4 4. Nxd4 Nf6 5. Nc3 Be7 6. Be2 0-0 7. Bf4 Nbd7 8. Nf5 Nc5 9. Nxe7+ Qxe7 10. f3 Nh5 11. Be3 f5 12. Bxc5 dxc5 13. Bc4+ Be6 14. Bxe6+ Qxe6 15. Qd5 Qxd5 16. Nxd5 fxe4 17. Nxc7 Rac8 18. Nb5 exf3 19. 0-0 fxg2 20. Kxg2 a6 21. Nd6 Rcd8 22. Rxf8+ Kxf8 23. Rf1+ Nf6 24. Ne4 b6 25. Rf2 Kf7 1/2-1/2

[Event "MVP-ch Seniors op 14th"]
[Site "Binz"]
[Date "2014.11.25"]
[Round "1"]
[White "Bussler, Juergen"]
[Black "Schreiner, Juergen"]
[Result "1-0"]
[WhiteElo "1789"]
[BlackElo "1381"]
[PlyCount "27"]
[EventDate "2014.11.25"]
[EventType "swiss"]
[EventRounds "9"]
[EventCountry "GER"]
[SourceTitle "EXT 2016"]
[Source "ChessBase"]
[SourceDate "2015.10.08"]
[SourceVersion "1"]
[SourceVersionDate "2015.10.08"]
[SourceQuality "1"]

1. Nf3 Nf6 2. g3 b6 3. Bg2 Bb7 4. c4 e6 5. 0-0 c5 6. Nc3 Qc8 7. d3 d5 8. cxd5 exd5 9. Bf4 Nh5 10. Bxb8 Rxb8 11. Ne5 Nf6 12. Qa4+ Ke7 13. f4 Ke6 14. Bh3+ 1-0

[Event "MVP-ch Seniors op 13th"]
[Site "Binz"]
[Date "2013.12.01"]
[Round "5"]
[White "Neumann, Erwin"]
[Black "Schreiner, Juergen"]
[Result "1-0"]
[WhiteElo "1712"]
[BlackElo "1356"]
[PlyCount "33"]
[EventDate "2013.11.27"]
[EventType "swiss"]
[EventRounds "9"]
[EventCountry "GER"]
[SourceTitle "EXT 2015"]
[Source "ChessBase"]
[SourceDate "2014.11.20"]
[SourceVersion "1"]
[SourceVersionDate "2014.11.20"]
[SourceQuality "1"]

1. e4 e6 2. d4 d5 3. Nc3 Nf6 4. Bg5 Be7 5. e5 Nfd7 6. Bxe7 Qxe7 7. f4 c5 8. Nf3 Nc6 9. Nb5 0-0 10. c3 a6 11. Nd6 f6 12. Bd3 fxe5 13. fxe5 cxd4 14. cxd4 Nxd4 15. Nxd4 Qh4+ 16. g3 Qxd4 17. Bxh7+ 1-0

[Event "MVP-ch Seniors op 13th"]
[Site "Binz"]
[Date "2013.11.29"]
[Round "3"]
[White "Husser, Oskar"]
[Black "Schreiner, Juergen"]
[Result "1/2-1/2"]
[WhiteElo "1707"]
[BlackElo "1356"]
[PlyCount "109"]
[EventDate "2013.11.27"]
[EventType "swiss"]
[EventRounds "9"]
[EventCountry "GER"]
[SourceTitle "EXT 2015"]
[Source "ChessBase"]
[SourceDate "2014.11.20"]
[SourceVersion "1"]
[SourceVersionDate "2014.11.20"]
[SourceQuality "1"]

1. Nc3 Nf6 2. e4 e5 3. Nf3 d6 4. Bc4 Be7 5. h3 Nc6 6. d3 Na5 7. Bb5+ Bd7 8. Bxd7+ Qxd7 9. Be3 Nc6 10. Qd2 d5 11. exd5 Nxd5 12. Nxd5 Qxd5 13. a3 0-0 14. 0-0 Rad8 15. Qe2 Bf6 16. Rfe1 b6 17. Rad1 Qe6 18. c3 Rd7 19. Nd2 Be7 20. b4 f5 21. f4 exf4 22. Bxf4 Qxe2 23. Rxe2 Rxd3 24. b5 Bc5+ 25. Kf1 Na5 26. Rb1 Rxc3 27. Bxc7 Bxa3 28. Be5 Rc1+ 29. Rxc1 Bxc1 30. Bc3 Bxd2 31. Rxd2 h6 32. Bxa5 bxa5 33. Ra2 f4 34. Rxa5 Rf5 35. Ke2 a6 36. Rxa6 Rxb5 37. Kf3 Rb4 38. Ra2 h5 39. h4 Kf7 40. Ra5 g6 41. Rg5 Kf6 42. Kf2 Rb3 43. Ra5 Re3 44. Ra8 Kf5 45. Ra5+ Re5 46. Ra6 Re6 47. Ra5+ Re5 48. Ra6 Kg4 49. Rxg6+ Kxh4 50. g3+ fxg3+ 51. Rxg3 Re2+ 52. Kxe2 Kxg3 53. Kf1 Kh2 54. Kf2 h4 55. Kf1 1/2-1/2

[Event "Mecklenburg VP LL2 West 1213"]
[Site "Mecklenburg VP"]
[Date "2013.02.24"]
[Round "6.8"]
[White "Knoop, Sascha"]
[Black "Schreiner, Juergen"]
[Result "1-0"]
[WhiteElo "1472"]
[BlackElo "1314"]
[PlyCount "75"]
[EventDate "2012.10.14"]
[EventType "team-tourn"]
[EventRounds "9"]
[EventCountry "GER"]
[SourceTitle "EXT 2022"]
[Source "ChessBase"]
[SourceDate "2021.10.06"]
[SourceVersion "1"]
[SourceVersionDate "2021.10.06"]
[SourceQuality "1"]
[WhiteTeam "Mecklenburger Springer SC"]
[BlackTeam "Wismar ASV Gruen-Weiss II"]
[WhiteTeamCountry "GER"]
[BlackTeamCountry "GER"]

1. d4 Nf6 2. c4 e6 3. Nf3 b6 4. g3 Bb7 5. Bg2 Be7 6. 0-0 0-0 7. Nc3 Ne4 8. Qc2 Nxc3 9. Qxc3 f5 10. b3 c5 11. Bb2 Bf6 12. Qd2 d5 13. dxc5 Bxb2 14. Qxb2 bxc5 15. Ne5 Qc7 16. cxd5 Bxd5 17. Rfd1 Qb7 18. Bxd5 exd5 19. Rac1 Rc8 20. Qd2 d4 21. Qa5 Nc6 22. Nxc6 Qxc6 23. Rxd4 Qb6 24. Qxb6 axb6 25. Rd2 h6 26. Rcd1 Rc6 27. a4 Rac8 28. f3 c4 29. bxc4 Rxc4 30. Rd4 R4c5 31. Rb4 Rc1 32. Rxc1 Rxc1+ 33. Kf2 Ra1 34. Ke3 Ra3+ 35. Kf4 g6 36. e4 g5+ 37. Kxf5 Rxf3+ 38. Kg6 1-0

[Event "MVP-ch Seniors op 12th"]
[Site "Binz"]
[Date "2012.12.06"]
[Round "9"]
[White "Schreiner, Juergen"]
[Black "Pawlowicz, Karsten"]
[Result "1/2-1/2"]
[WhiteElo "1400"]
[BlackElo "1588"]
[PlyCount "53"]
[EventDate "2012.11.28"]
[EventType "swiss"]
[EventRounds "9"]
[EventCountry "GER"]
[SourceTitle "EXT 2014"]
[Source "ChessBase"]
[SourceDate "2013.11.20"]
[SourceVersion "1"]
[SourceVersionDate "2013.11.20"]
[SourceQuality "1"]

1. e4 c5 2. Nf3 d6 3. d4 cxd4 4. Nxd4 Nc6 5. Bb5 Bd7 6. Nc3 Nxd4 7. Bxd7+ Qxd7 8. Qxd4 Qc6 9. Qa4 Nf6 10. Qxc6+ bxc6 11. 0-0 Nd7 12. b4 Ne5 13. Rd1 Rb8 14. a3 a6 15. f4 Nd7 16. Ne2 c5 17. Rb1 e5 18. c4 cxb4 19. Rxb4 Rxb4 20. axb4 Be7 21. Be3 0-0 22. c5 exf4 23. Bxf4 Nf6 24. Bg5 dxc5 25. e5 cxb4 26. exf6 Bxf6 27. Be3 1/2-1/2

[Event "MVP-ch Seniors op 11th"]
[Site "Binz"]
[Date "2011.12.06"]
[Round "7.73"]
[White "Schreiner, Juergen"]
[Black "Pfueller, Volker"]
[Result "0-1"]
[WhiteElo "1289"]
[BlackElo "1533"]
[PlyCount "96"]
[EventDate "2011.11.30"]
[EventType "swiss"]
[EventRounds "9"]
[EventCountry "GER"]
[SourceTitle "EXT 2013"]
[Source "ChessBase"]
[SourceDate "2012.11.22"]
[SourceVersion "1"]
[SourceVersionDate "2012.11.22"]
[SourceQuality "1"]

1. e4 e5 2. Nf3 Nc6 3. d4 exd4 4. Nxd4 Bc5 5. Nxc6 Qf6 6. Qd2 Qxc6 7. Nc3 Nf6 8. Bd3 0-0 9. 0-0 d6 10. a3 a6 11. Nd5 Nxd5 12. exd5 Qd7 13. b4 Ba7 14. Bb2 b5 15. Rae1 Bb7 16. c4 Rae8 17. Qc3 f6 18. Be4 Qg4 19. Qd3 bxc4 20. Qxc4 Qd7 21. Bd4 Bxd4 22. Qxd4 f5 23. Bc2 c5 24. bxc5 dxc5 25. Ba4 cxd4 26. Bxd7 Rxe1 27. Rxe1 Bxd5 28. Re5 Be4 29. f3 Bc2 30. Be6+ Kh8 31. Rd5 Bb3 32. Rxf5 Rxf5 33. Bxf5 g6 34. Bd3 a5 35. f4 Kg7 36. g4 h6 37. Kf2 Kf6 38. h4 Be6 39. Kf3 Bd5+ 40. Kg3 g5 41. h5 Bb3 42. fxg5+ Kxg5 43. Kh3 Bd1 44. Bf5 Be2 45. Kg3 d3 46. Bg6 d2 47. Bc2 d1Q 48. Bxd1 Bxd1 0-1

[Event "MVP-ch Seniors op 11th"]
[Site "Binz"]
[Date "2011.12.02"]
[Round "3.59"]
[White "Zimmermann, Manfred"]
[Black "Schreiner, Juergen"]
[Result "1-0"]
[WhiteElo "1728"]
[BlackElo "1289"]
[PlyCount "70"]
[EventDate "2011.11.30"]
[EventType "swiss"]
[EventRounds "9"]
[EventCountry "GER"]
[SourceTitle "EXT 2013"]
[Source "ChessBase"]
[SourceDate "2012.11.22"]
[SourceVersion "1"]
[SourceVersionDate "2012.11.22"]
[SourceQuality "1"]

1. d4 Nf6 2. c4 e6 3. Nc3 Bb4 4. Nf3 Bxc3+ 5. bxc3 b6 6. Bg5 h6 7. Bh4 Bb7 8. e3 d6 9. Bd3 g5 10. Bg3 Ne4 11. Qc2 f5 12. h3 Nd7 13. 0-0-0 Qe7 14. Qb2 Kf7 15. Bxe4 Bxe4 16. Ne1 g4 17. hxg4 fxg4 18. Bh4 Nf6 19. f3 gxf3 20. gxf3 Bg6 21. e4 Qe8 22. Nd3 e5 23. Rd2 c5 24. Rdh2 h5 25. Rg1 Qa4 26. dxe5 Nd7 27. e6+ Kg7 28. exd7 Qxd7 29. Nf4 Rh6 30. Rhg2 Qf7 31. Rxg6+ Rxg6 32. Rxg6+ Kh7 33. Bf6 Rg8 34. Qh2 Rxg6 35. Qxh5+ Kg8 1-0

[Event "Mecklenburg VP-ch Seniors op 09th"]
[Site "Binz"]
[Date "2009.12.07"]
[Round "7.55"]
[White "Schreiner, Juergen"]
[Black "Garms, Ilse"]
[Result "0-1"]
[WhiteElo "1215"]
[BlackElo "1516"]
[PlyCount "62"]
[EventDate "2009.12.01"]
[EventType "swiss"]
[EventRounds "9"]
[EventCountry "GER"]
[SourceTitle "EXT 2022"]
[Source "ChessBase"]
[SourceDate "2021.10.06"]
[SourceVersion "1"]
[SourceVersionDate "2021.10.06"]
[SourceQuality "1"]

1. e4 c5 2. Nf3 Nc6 3. d4 cxd4 4. Nxd4 e6 5. Nb5 d6 6. N1c3 a6 7. Nd4 Qb6 8. Nxc6 bxc6 9. Rb1 h6 10. Be3 Qc7 11. Bd3 Nf6 12. 0-0 Be7 13. Qe2 0-0 14. Rfe1 Bb7 15. a3 d5 16. exd5 cxd5 17. Bd4 Rfd8 18. f3 Bc5 19. Qf2 Bxd4 20. Qxd4 Nd7 21. b4 Rdc8 22. Na4 Bc6 23. Nc5 Nxc5 24. bxc5 Bb5 25. Bxb5 axb5 26. Rxb5 Rxa3 27. Qb4 Qa7 28. Kf2 Ra4 29. Qb3 Rc4 30. Rb1 R4xc5 31. Qe3 Rxc2+ 0-1

[Event "Mecklenburg VP-ch Seniors op 09th"]
[Site "Binz"]
[Date "2009.12.06"]
[Round "6.57"]
[White "Garbe, Eckhard"]
[Black "Schreiner, Juergen"]
[Result "1/2-1/2"]
[WhiteElo "1505"]
[BlackElo "1215"]
[PlyCount "151"]
[EventDate "2009.12.01"]
[EventType "swiss"]
[EventRounds "9"]
[EventCountry "GER"]
[SourceTitle "EXT 2022"]
[Source "ChessBase"]
[SourceDate "2021.10.06"]
[SourceVersion "1"]
[SourceVersionDate "2021.10.06"]
[SourceQuality "1"]

1. d4 d5 2. c4 dxc4 3. Nc3 e5 4. Nf3 c5 5. Qa4+ Bd7 6. Qxc4 f6 7. dxe5 Qe7 8. exf6 Nxf6 9. Bg5 Be6 10. Qd3 Nc6 11. Bxf6 Qxf6 12. Qe4 Be7 13. Nd5 Bxd5 14. Qxd5 Rd8 15. Qb3 Na5 16. Qb5+ Nc6 17. e3 0-0 18. Bc4+ Kh8 19. 0-0 a6 20. Qb3 b5 21. Be2 Ne5 22. Nxe5 Qxe5 23. Rfd1 c4 24. Qc2 Bd6 25. g3 Qf6 26. f3 Bc5 27. Kf2 Rde8 28. Kg2 Bxe3 29. b3 c3 30. Rd3 Bd2 31. Bf1 Re3 32. Rxe3 Bxe3 33. Be2 Bd2 34. Rf1 b4 35. Bd3 h6 36. Be4 Qd4 37. Qd3 Qxd3 38. Bxd3 a5 39. Rf2 Rc8 40. Bc2 Re8 41. Be4 Re7 42. Kf1 a4 43. Re2 axb3 44. axb3 Rxe4 45. Rxe4 c2 46. Rc4 c1Q+ 47. Rxc1 Bxc1 48. Ke2 g5 49. Kd3 Kg7 50. Kc4 Bd2 51. g4 Kf6 52. Kd4 Kg6 53. h3 h5 54. Ke4 h4 55. Kd3 Bc3 56. Ke4 Kg7 57. Kf5 Bd2 58. Ke6 Kf8 59. Kf5 Bf4 60. Ke6 Ke8 61. Kd5 Kd7 62. Kc4 Bd2 63. Kd5 Bc3 64. Ke4 Ke6 65. f4 gxf4 66. Kxf4 Kd5 67. Kf5 Bd2 68. g5 Bxg5 69. Kxg5 Kd4 70. Kxh4 Kc3 71. Kg5 Kxb3 72. h4 Ka2 73. h5 b3 74. h6 b2 75. h7 b1Q 76. h8Q 1/2-1/2

[Event "Mecklenburg VP-ch Seniors op 09th"]
[Site "Binz"]
[Date "2009.12.02"]
[Round "2.59"]
[White "Bornemann, Anton"]
[Black "Schreiner, Juergen"]
[Result "1-0"]
[WhiteElo "1565"]
[BlackElo "1215"]
[PlyCount "61"]
[EventDate "2009.12.01"]
[EventType "swiss"]
[EventRounds "9"]
[EventCountry "GER"]
[SourceTitle "EXT 2022"]
[Source "ChessBase"]
[SourceDate "2021.10.06"]
[SourceVersion "1"]
[SourceVersionDate "2021.10.06"]
[SourceQuality "1"]

1. e4 e6 2. Nc3 d5 3. exd5 exd5 4. d4 Be6 5. Nf3 Be7 6. Bd3 Bf6 7. 0-0 Ne7 8. Re1 h6 9. Ne5 0-0 10. f4 Nf5 11. Ne2 Nd7 12. c3 c5 13. g4 Nxe5 14. fxe5 Nh4 15. Nf4 Be7 16. Rf1 Qd7 17. h3 f5 18. Nxe6 Qxe6 19. gxf5 Nxf5 20. Qg4 g6 21. Bxh6 Rf7 22. Rf4 Kh7 23. Bg5 Bxg5 24. Qxg5 Raf8 25. Raf1 cxd4 26. cxd4 Kg7 27. Rg4 Ne7 28. Rxf7+ Rxf7 29. h4 Rf5 30. Bxf5 Qxf5 31. Qxe7+ 1-0